La literatura norteamericana en el siglo XX
Gardado en:
| Autor Principal: | |
|---|---|
| Formato: | Libro |
| Idioma: | Spanish |
| Publicado: |
México, Distrito Federal
Fondo de Cultura Económica
1953
|
| Materias: | |
| Etiquetas: |
Engadir etiqueta
Sen Etiquetas, Sexa o primeiro en etiquetar este rexistro!
|
MARC
| LEADER | 00000nam a2200000Ia 4500 | ||
|---|---|---|---|
| 008 | 170316s9999 xx 000 0 spa d | ||
| 040 | |a cru BVZT | ||
| 090 | |a C-810 S-7L | ||
| 100 | |a Straumann, Heinrich | ||
| 245 | |a La literatura norteamericana en el siglo XX | ||
| 260 | |a México, Distrito Federal | ||
| 260 | |b Fondo de Cultura Económica | ||
| 260 | |c 1953 | ||
| 300 | |a 234 páginas | ||
| 650 | |a LITERATURA ESTADOUNIDENSE | ||
| 650 | |a CRÍTICA | ||
| 942 | |c 15 D | ||
| 999 | |c 12874 |d 12874 | ||
